Open Data Biblioteca Nacional de Portugal


República Portuguesa: Ministério da Cultura
Biblioteca Nacional de Portugal

Catálogo da BNP: acesso por Identificadores Unívocos
Registos Bibliográficos associados ao registo de autoridade

Etiqueta de registo: 00000nkm 2200025 450
001 2251626
003 http://id.bnportugal.gov.pt/bib/catbnp/2251626
100 ## $a20260120d1994 m y0pory01030103ba
101 0# $apor
102 ## $aPT
200 1# $aSuper espectáculo de baile, variedades e passagem de modelos, Oleiros, 26 de março de 1994 $bVisual gráfico]$fVozes de Portugal
210 #9 $aOleiros$cVozes de Portugal,$d1994$eSertã:$gGráfica Santo Amaro)
215 ## $a1 cartaz$ccolor.$d60x41,9 cm
675 ## $a766(=1:469)"199"(084.5)$vBN$zpor$3589138
710 01 $aVozes de Portugal,$eMontemor-o-Novo$31980215
711 01 $aBombeiros Voluntários de Oleiros$31980216
801 #0 $aPT$bBN$gRPC
966 ## $lBN$mICONOG$sCT. 16774 A.$x1
971 ## $cCaticonografia9$d20260120
995 ## $aPRR2026 $d20260120$iCaticonografia9

OpendataBNP@bnportugal.pt | Mais informação sobre acesso aos dados BNP